Pilotes de Formule 3 - 2025 - Statistiques

Statistiques générales
  • Ce quiz a été pris 6 fois
  • Le résultat moyen est 15 sur 31
Statistiques - réponses
Hint Réponse % Correct
MP Motorsport Alessandro Giusti
80%
Van Amersfoort Racing (VAR) Théophile Naël
80%
Prema Racing Brando Badoer
60%
Rodin Motorsport Callum Voisin
60%
Hitech TGR Gerrard Xie
60%
ART Grand Prix Laurens Van Hoepen
60%
Rodin Motorsport Louis Sharp
60%
Campos Racing Mari Boya
60%
Hitech TGR Martinius Stenshorne
60%
DAMS Lucas Oil Nicola Lacorte
60%
Trident Noah Stromsted
60%
Trident Rafael Camara
60%
Campos Racing Tasanapol Inthraphuvasak
60%
MP Motorsport Tim Tramnitz
60%
ART Grand Prix Tuukka Taponen
60%
Prema Racing Ugo Ugochukwu
60%
AIX Racing Brad Benavides
40%
MP Motorsport Bruno Del Pino
40%
Trident Charlie Wurz
40%
DAMS Lucas Oil Christian Ho
40%
AIX Racing James Hedley
40%
ART Grand Prix James Wharton
40%
AIX Racing Nicola Marinangeli
40%
Campos Racing Nikola Tsolov
40%
Prema Racing Noel Leon
40%
Rodin Motorsport Roman Bilinski
40%
Van Amersfoort Racing (VAR) Santiago Ramos
40%
Van Amersfoort Racing (VAR) Ivan Domingues
20%
Hitech TGR Josh Dufek
20%
DAMS Lucas Oil Matias Zagazeta
20%
Hitech TGR Nikita Johnson
0%
Aucun quiz correspondant
Distribution des résultats
% des personnes avec chaque résultat
Percentile par nombre de réponses
Votre historique - résultats
Vous n’avez pas pris ce quiz